000 00218 a2200109 4500
020 _a7689968123667
041 _aspa
100 _amorales cordero, elsa maria
245 _aa los numeros 2
942 _cBK
952 _71
999 _c18237
_d18237